Golf and the game of leadership : an 18-hole guide for success in business and in life
| Main Author: | |
|---|---|
| Format: | Book |
| Published: |
New Delhi :
Orient Paperbacks ,
2004
|
| Subjects: |
MARC
| LEADER | 00000cam a2200000 7i4500 | ||
|---|---|---|---|
| 001 | 0000036677 | ||
| 005 | 20130627.0 | ||
| 008 | 130627 | ||
| 020 | |a 8122204732 | ||
| 090 | 0 | 0 | |a 658.022 |b HUG |
| 100 | 1 | |a Hugh, Donald E Mc | |
| 245 | 1 | 0 | |a Golf and the game of leadership : |b an 18-hole guide for success in business and in life |c Donald E McHugh |
| 260 | |a New Delhi : |b Orient Paperbacks , |c 2004 | ||
| 650 | 0 | |a Business |x Management | |
| 650 | 0 | |a Leardership |x Motivation | |
| 999 | |a 0001227204 |b Book |c Adult Collection |e Perbadanan Perpustakaan Awam Johor | ||